গল্প বিচিত্রা / (Record no. 41500)
[ view plain ]
| 000 -LEADER | |
|---|---|
| fixed length control field | 00823nam a2200217 a 4500 |
| 001 - CONTROL NUMBER | |
| control field | 41500 |
| 003 - CONTROL NUMBER IDENTIFIER | |
| rucl marc code | BD-RjUL |
| 005 - DATE AND TIME OF LATEST TRANSACTION | |
| control field | 20211209053411.0 |
| 008 - FIXED-LENGTH DATA ELEMENTS--GENERAL INFORMATION | |
| fixed length control field | 190319s1969 bg 000 0 ben d |
| 035 ## - SYSTEM CONTROL NUMBER | |
| System control number | (BD-RjUL)41618 |
| 040 ## - CATALOGING SOURCE | |
| Original cataloging agency | BD-RjUL |
| Transcribing agency | BD-RjUL |
| Modifying agency | BD-RjUL |
| Language of cataloging | ben |
| 041 ## - LANGUAGE CODE | |
| Language code of text/sound track or separate title | eng |
| 082 ## - DEWEY DECIMAL CLASSIFICATION NUMBER | |
| Edition number | 23 |
| Classification number | 891.443 |
| Author mark and year | GOL 1963 |
| 245 00 - TITLE STATEMENT | |
| Title | গল্প বিচিত্রা / |
| Statement of responsibility, etc. | মুহম্মদ আবদুল হাই সম্পাদিত |
| 260 ## - PUBLICATION, DISTRIBUTION, ETC. (IMPRINT) | |
| Place of publication, distribution, etc. | কলকাতা : |
| Name of publisher, distributor, etc. | ই. বেঙ্গল, |
| Date of publication, distribution, etc. | ১৯৬৩ (১৩৭০) |
| 300 ## - PHYSICAL DESCRIPTION | |
| Pagination | [৬], ২৮২ পৃ. ; |
| Size | ২২ সেমি. |
| 650 ## - SUBJECT ADDED ENTRY--TOPICAL TERM | |
| Topical term or geographic name as entry element | বাংলা উপন্যাস |
| 9 (RLIN) | 119904 |
| Topical term or geographic name as entry element | Bengali Fiction |
| 9 (RLIN) | 119907 |
| 700 ## - ADDED ENTRY--PERSONAL NAME | |
| Personal name | হাই, মুহম্মদ আবদুল, সম্পাদক |
| 942 ## - ADDED ENTRY ELEMENTS (KOHA) | |
| Source of classification or shelving scheme | Dewey Decimal Classification |
| Koha item type | Books |
| Lost status | Source of classification or shelving scheme | Damaged status | Not for loan | Collection code | Permanent Location | Current Location | Shelving location | Date acquired | Source of acquisition | Cost, normal purchase price | Total Checkouts | Full call number | Date last seen | Copy number | Koha item type |
|---|---|---|---|---|---|---|---|---|---|---|---|---|---|---|---|
| Dewey Decimal Classification | Not For Loan | Fiction | Central Library, University of Rajshahi | Central Library, University of Rajshahi | Reading Room | 20/12/1966 | Nowroze kitabistan, Dacca | 15.00 | B 891.443 GOL 1963 | 01/06/2016 | C-1 | Books | |||
| Dewey Decimal Classification | Fiction | Central Library, University of Rajshahi | Central Library, University of Rajshahi | 26/01/1965 | Ideal | 4.50 | B 891.443 GOL 1963 | 29/06/2016 | C-2 | Books | |||||
| Dewey Decimal Classification | Fiction | Central Library, University of Rajshahi | Central Library, University of Rajshahi | 09/02/1967 | Dhaka, Noroge Kitabuddin | 450.00 | B 891.443 GOL 1963 | 16/07/2016 | C-3 | Books | |||||
| Dewey Decimal Classification | Fiction | Central Library, University of Rajshahi | Central Library, University of Rajshahi | 26/04/1965 | Ideal Library, Dhaka | 4.50 | B 891.443 GOL 1963 | 20/07/2016 | C-4 | Books | |||||
| Dewey Decimal Classification | Fiction | Central Library, University of Rajshahi | Central Library, University of Rajshahi | 26/04/1965 | Ideal Library, Dhaka | 4.50 | B 891.443 GOL 1963 | 21/08/2016 | C-5 | Books | |||||
| Dewey Decimal Classification | Fiction | Central Library, University of Rajshahi | Central Library, University of Rajshahi | 26/04/1965 | Ideal Library, Dhaka | 4.50 | B 891.443 GOL 1963 | 21/08/2016 | C-6 | Books | |||||
| Dewey Decimal Classification | Fiction | Central Library, University of Rajshahi | Central Library, University of Rajshahi | 20/12/1966 | N/A | 4.50 | B 891.443 GOL 1963 | 05/11/2016 | C-7 | Books | |||||
| Dewey Decimal Classification | Fiction | Central Library, University of Rajshahi | Central Library, University of Rajshahi | 09/02/1967 | Dacca a.9 qureshi, | 4.50 | B 891.443 GOL 1963 | 23/02/2017 | C-8 | Books |